The Oxford book of story poems : (Record no. 10067)
[ view plain ]
| 000 -LEADER | |
|---|---|
| fixed length control field | 00527nam a22001817a 4500 |
| 003 - CONTROL NUMBER IDENTIFIER | |
| control field | SISC |
| 005 - DATE AND TIME OF LATEST TRANSACTION | |
| control field | 20160307154850.0 |
| 008 - FIXED-LENGTH DATA ELEMENTS--GENERAL INFORMATION | |
| fixed length control field | 130830t xxu||||| |||| 00| 0 eng d |
| 020 ## - INTERNATIONAL STANDARD BOOK NUMBER | |
| International Standard Book Number | 9780192762122 |
| 050 ## - LIBRARY OF CONGRESS CALL NUMBER | |
| Classification number | PR 1195 |
| Item number | .H 318 1999 |
| 082 ## - DEWEY DECIMAL CLASSIFICATION NUMBER | |
| Classification number | HS 821. |
| Item number | 008 Ox 1999 |
| 100 ## - MAIN ENTRY--PERSONAL NAME | |
| Personal name | Harrison,. Michael |
| 9 (RLIN) | 15857 |
| 245 ## - TITLE STATEMENT | |
| Title | The Oxford book of story poems : |
| Statement of responsibility, etc | Michael Harrison . |
| 260 ## - PUBLICATION, DISTRIBUTION, ETC. (IMPRINT) | |
| Place of publication, distribution, etc | New York : |
| Name of publisher, distributor, etc | Oxford University Press, |
| Date of publication, distribution, etc | c1999. |
| 300 ## - PHYSICAL DESCRIPTION | |
| Extent | 175 p. : |
| Other physical details | ill. col. ; |
| Dimensions | 25 cm. |
| 942 ## - ADDED ENTRY ELEMENTS (KOHA) | |
| Source of classification or shelving scheme | Library of Congress Classification |
| Koha item type | Books |
| Withdrawn status | Lost status | Source of classification or shelving scheme | Damaged status | Home library | Current library | Shelving location | Date acquired | Total Checkouts | Full call number | Barcode | Date last seen | Copy number | Price effective from | Koha item type |
|---|---|---|---|---|---|---|---|---|---|---|---|---|---|---|
| Library of Congress Classification | Luxembourg Library | Luxembourg Library | High School Section | 08/30/2013 | PR 1195 .H318 1999 | 7853 | 09/02/2015 | 1 | 08/30/2013 | Books |